000 01392cam a2200373 i 4500
001 2849
003 FISKH
005 20240117142609.0
008 190430t20192017nyuab d 000 1 eng
010 _a 2019019749
020 _a9781250225498
_q(hardcover)
020 _z9781250225511
_q(ebook)
040 _aDLC
_beng
_cDLC
_erda
_dDLC
042 _alcac
_apcc
043 _ae-uk-st
050 0 0 _aPZ7.M4784133
_bWh 2019
082 0 0 _a[Fic]
_223
100 1 _aMcCaughrean, Geraldine,
245 1 0 _aWhere the world ends /
_cGeraldine McCaughrean
250 _aThis edition first published in 2018
260 _aLondon :
_bUsborne
_c2017
300 _a317 pages :
_billustrations, maps ;
_c20 cm
520 _aIn the summer of 1727, Quill and his friends are put ashore on a remote sea stac to harvest birds for food, and only the end of the world can explain why no boat returns to collect them.
650 1 _aIslands
_vFiction.
650 1 _aHunting
_vFiction.
650 1 _aWilderness survival
_vFiction.
650 1 _aStorytelling
_vFiction.
650 1 _aBlessing and cursing
_vFiction.
651 0 _aSaint Kilda (Scotland)
_xHistory
_y18th century
_vJuvenile fiction.
651 1 _aSaint Kilda (Scotland)
_xHistory
_y18th century
_vFiction.
651 1 _aScotland
_xHistory
_y18th century
_vFiction.
906 _a7
_bcbc
_corignew
_d1
_eecip
_f20
_gy-gencatlg
942 _2ddc
_cBK
_n0
999 _c2849
_d2849